| 000 | 00621nam a22001937a 4500 | ||
|---|---|---|---|
| 005 | 20251108165541.0 | ||
| 008 | 250721s1997 xx 000 0 ara d | ||
| 082 | 1 | 4 | _aم/413.2/قسط |
| 100 | 1 | _aثيودوري، قسطنطين | |
| 245 | 1 | 0 | _aالفريد في المصطلحات الحديثة : قاموس عربي- إنجليزي / |
| 250 | _aط3 | ||
| 264 | 1 |
_aعمان : _bدار الفارس للنشر والتوزيع، _c1997. |
|
| 300 | _a415ص | ||
| 650 | 1 | 7 | _aاللغة العربية |
| 650 | 1 | 7 | _aالقواميس |
| 650 | 1 | 7 | _aمعاجم المصطلحات |
| 942 |
_2ddc _cREF |
||
| 999 |
_c30564 _d30564 |
||